| 000 | 00710nam a22002177a 4500 | ||
|---|---|---|---|
| 999 |
_c17961 _d17961 |
||
| 003 | AR-CdUCM | ||
| 008 | 190507b ||||| |||| 00| 0 spa d | ||
| 040 |
_aMUNICIPALIDAD PROVINCIAL DEL CUSCO _cBIBLIOTECA MUNICIPAL DEL CUSCO |
||
| 082 |
_a869.561 / _bA36 |
||
| 100 |
_aAlegría, Ciro _9807 |
||
| 245 | _aLos perros hambrientos / | ||
| 260 |
_aLima : _bPeisa, _c1973. |
||
| 300 |
_a179 paginas ; _c17 cm. |
||
| 440 |
_aBiblioteca peruana _911247 |
||
| 505 | _aContenido: Perros tras en ganado -- Historia de perros -- Peripecia de Mañu -- El puma de sombra... | ||
| 650 |
_aLiteratura peruana _9169 |
||
| 650 |
_aNovela _95 |
||
| 650 |
_aSiglo XX _98 |
||
| 942 |
_2ddc _cLIBROS |
||
| 945 |
_adavv _d2019-05-10 |
||